Văn minh miệt vườn
Gespeichert in:
| 1. Verfasser: | |
|---|---|
| Format: | Buch |
| Sprache: | Undetermined |
| Veröffentlicht: |
Hà Nội
Văn hóa
1992
|
| Schlagworte: | |
| Tags: |
Tag hinzufügen
Keine Tags, Fügen Sie den ersten Tag hinzu!
|
| Thư viện lưu trữ: | Trung tâm Học liệu Trường Đại học Cần Thơ |
|---|
| LEADER | 00480nam a2200181Ia 4500 | ||
|---|---|---|---|
| 001 | CTU_10326 | ||
| 008 | 210402s9999 xx 000 0 und d | ||
| 082 | |a 915.97 | ||
| 082 | |b S464v | ||
| 100 | |a Sơn Nam | ||
| 245 | 0 | |a Văn minh miệt vườn | |
| 245 | 0 | |c Sơn Nam | |
| 260 | |a Hà Nội | ||
| 260 | |b Văn hóa | ||
| 260 | |c 1992 | ||
| 650 | |a vietnam - economic geography | ||
| 904 | |i Minh, 961007 | ||
| 980 | |a Trung tâm Học liệu Trường Đại học Cần Thơ | ||